| Tag |
First Indicator |
Second Indicator |
Subfields |
| LEADER |
00000cam a2200000 4500 |
| 001 |
in00000258313 |
| 005 |
20151010052807.0 |
| 008 |
721020s1915 maua 00010 eng d |
| 010 |
|
|
|a 14021591
|
| 035 |
|
|
|a (OCoLC)00475018
|
| 035 |
|
|
|9 ABC1897AM
|
| 040 |
|
|
|c WSU
|d TXA
|d UtOrBLW
|
| 049 |
|
|
|a TXAM
|c [1340451]
|
| 090 |
|
|
|a F73.44
|b .R83
|
| 100 |
1 |
|
|a Rossiter, William Sidney,
|d 1861-1929.
|
| 245 |
1 |
0 |
|a Days and ways in old Boston /
|c ed. by William S. Rossiter; drawings by <alcolm Fraser and Jacques Reich.
|
| 264 |
|
1 |
|a Boston :
|b R.H. Stearns and company,
|c 1915.
|
| 300 |
|
|
|a 144 pages :
|b frontispiece, illustrations ;
|c 23 cm.
|
| 336 |
|
|
|a text
|b txt
|2 rdacontent
|
| 337 |
|
|
|a unmediated
|b n
|2 rdamedia
|
| 338 |
|
|
|a volume
|b nc
|2 rdacarrier
|
| 500 |
|
|
|a Published 1914.
|
| 505 |
0 |
|
|a The year eighteen forty seven, by W. S. Rossiter.--Other days and ways in Boston and Cambridge, by T. W. Higginson.--Recollections of old Boston, from a conversation with a Boston lady of the period.--The old Boston water front, by F. H. Forbes.--The old rosewood desk, by M. H. Elliot.--Advertising in Boston, 1847-1914, by R. L. O'Brien.--Boston as a shopping city, by H. E. Hersey.--An historic corner, by W. K. Watkins.--Old Boston banks from information furnished by F. R. Hart.
|
| 651 |
|
0 |
|a Boston (Mass.)
|x History.
|
| 651 |
|
0 |
|a Boston (Mass.)
|x Description and travel.
|
| 999 |
|
|
|a MARS
|
| 999 |
f |
f |
|s 7e8a39cf-27bd-3ee6-a052-6389d3ab5c35
|i 2118a3ec-0883-3fd6-bd81-dc349e571960
|t 0
|
| 952 |
f |
f |
|p ric
|a Texas A&M University
|b Rellis Campus
|c Joint Library Facility
|d Remote Storage
|t 0
|e F73.44 .R83
|h Library of Congress classification
|i unmediated -- volume
|m A14802268253
|
| 998 |
f |
f |
|a F73.44 .R83
|t 0
|l Remote Storage
|